[Event "EU Union-ch U12 20th"]
[Site "Mureck"]
[Date "2023.08.05"]
[Round "5"]
[White "Kincses, Emma"]
[Black "Allen, Phillipp"]
[Result "0-1"]
[WhiteElo "1264"]
[BlackElo "1563"]
[PlyCount "82"]
[EventDate "2023.08.02"]
[EventType "swiss"]
[EventRounds "9"]
[EventCountry "AUT"]
[SourceTitle "EXT 2024"]
[Source "ChessBase"]
[SourceDate "2023.10.10"]
[SourceVersion "1"]
[SourceVersionDate "2023.10.10"]
[SourceQuality "1"]

1. c4 e6 2. Nc3 f5 3. d3 d5 4. cxd5 exd5 5. Nf3 Nf6 6. g3 c6 7. Bg2 Bd6 8. 0-0 0-0 9. Qb3 Nbd7 10. d4 Ne4 11. Nxe4 fxe4 12. Ng5 Qb6 13. Qd1 Nf6 14. Nh3 Bd7 15. b3 a5 16. Bb2 a4 17. Rb1 axb3 18. axb3 Ra2 19. Bc3 Rb8 20. Re1 h6 21. Qc1 Ba3 22. Qd1 Bd6 23. Qc1 Rba8 24. b4 Qb5 25. Bd2 Kh7 26. Qd1 Bf5 27. Bc1 R8a4 28. Rb2 Bxb4 29. Rf1 Rxb2 30. Bxb2 Ba5 31. Bc1 Ra2 32. e3 Bg4 33. f3 exf3 34. Bxf3 Bxh3 35. Rf2 Rxf2 36. Kxf2 Ne4+ 37. Bxe4+ dxe4 38. g4 Qd3 39. Qg1 Bc7 40. Ke1 Qc3+ 41. Kd1 Bxh2 0-1

[Event "GER-ch U12"]
[Site "Willingen"]
[Date "2023.06.02"]
[Round "8"]
[White "Allen, Phillipp"]
[Black "Schmitz, Constantin"]
[Result "1-0"]
[WhiteElo "1539"]
[BlackElo "1577"]
[PlyCount "51"]
[EventDate "2023.05.27"]
[EventType "swiss"]
[EventRounds "9"]
[EventCountry "GER"]
[SourceTitle "CBM 214 Extra"]
[Source "ChessBase"]
[SourceDate "2023.07.31"]
[SourceVersion "1"]
[SourceVersionDate "2023.07.31"]
[SourceQuality "1"]

1. e4 c5 2. c3 d5 3. exd5 Qxd5 4. d4 Nc6 5. Nf3 Bf5 6. Be3 cxd4 7. cxd4 e6 8. Nc3 Bb4 9. a3 Bxc3+ 10. bxc3 Nf6 11. Rc1 a6 12. Be2 b5 13. 0-0 0-0 14. c4 bxc4 15. Bxc4 Qd6 16. Bb3 Rab8 17. d5 exd5 18. Bc5 Qe6 19. Re1 Ne4 20. Bxf8 Rxf8 21. Bxd5 Qg6 22. Rxc6 Qg4 23. h3 Qf4 24. Bxe4 Bxe4 25. Qd4 Re8 26. Qxe4 1-0

[Event "GER-ch U12"]
[Site "Willingen"]
[Date "2023.05.31"]
[Round "5"]
[White "Allen, Phillipp"]
[Black "Kateryniuk, Ivan"]
[Result "1-0"]
[WhiteElo "1539"]
[BlackElo "1631"]
[PlyCount "95"]
[EventDate "2023.05.27"]
[EventType "swiss"]
[EventRounds "9"]
[EventCountry "GER"]
[SourceTitle "CBM 214 Extra"]
[Source "ChessBase"]
[SourceDate "2023.07.31"]
[SourceVersion "1"]
[SourceVersionDate "2023.07.31"]
[SourceQuality "1"]

1. e4 e5 2. Nf3 Nf6 3. Nxe5 d6 4. Nf3 Nxe4 5. d4 d5 6. Bd3 Be7 7. 0-0 Nd7 8. c4 c6 9. Re1 Ndf6 10. Nc3 Nxc3 11. bxc3 0-0 12. Rb1 Bd6 13. c5 Bc7 14. Bg5 h6 15. Bh4 Rb8 16. Ne5 g5 17. Bg3 Ne4 18. Bxe4 dxe4 19. Nxc6 bxc6 20. Rxb8 Bxb8 21. Bxb8 Bf5 22. Bd6 Re8 23. h3 Qa5 24. Qb3 Bg6 25. Re3 Bf5 26. a4 Be6 27. Qb4 Qxb4 28. cxb4 Bc4 29. g4 a6 30. Rc3 Bd5 31. Kf1 f6 32. Ke2 Kf7 33. Ke3 Kg6 34. b5 axb5 35. axb5 cxb5 36. c6 f5 37. gxf5+ Kxf5 38. Rc5 Ke6 39. c7 Rc8 40. Bg3 b4 41. Rb5 b3 42. Kd2 Bc4 43. Rc5 Bd5 44. Rb5 Bc4 45. Rb6+ Kd7 46. Rxh6 Bd3 47. Kc3 Bc2 48. d5 1-0

[Event "GER-ch U10"]
[Site "Willingen"]
[Date "2022.06.11"]
[Round "11"]
[White "Allen, Phillipp"]
[Black "Sheng, Ming"]
[Result "1-0"]
[WhiteElo "1467"]
[BlackElo "1330"]
[PlyCount "89"]
[EventDate "2022.06.04"]
[EventType "swiss"]
[EventRounds "11"]
[EventCountry "GER"]
[SourceTitle "CBM 208 Extra"]
[Source "ChessBase"]
[SourceDate "2022.07.31"]
[SourceVersion "1"]
[SourceVersionDate "2022.07.31"]
[SourceQuality "1"]

1. e4 c5 2. c4 Nc6 3. Nc3 g6 4. d3 Bg7 5. Nge2 e6 6. g3 Nge7 7. Bg2 d6 8. 0-0 0-0 9. f4 Nd4 10. g4 f5 11. g5 Nec6 12. Ng3 Rb8 13. a4 Bd7 14. h4 a6 15. h5 b5 16. hxg6 hxg6 17. exf5 exf5 18. Bd5+ Be6 19. Bxe6+ Nxe6 20. axb5 axb5 21. Nxb5 Ned4 22. Nc3 Nb3 23. Ra3 Nxc1 24. Qxc1 Qb6 25. Nd5 Bxb2 26. Nxb6 Bxc1 27. Rxc1 Rxb6 28. Ne2 Rfb8 29. Rca1 Rb1+ 30. Rxb1 Rxb1+ 31. Kf2 Rb2 32. Ke1 Rb1+ 33. Kd2 Rb2+ 34. Kd1 Rb6 35. Ra8+ Kf7 36. Nc3 Ne7 37. Ra7 Ke8 38. Rxe7+ Kxe7 39. Nd5+ Ke6 40. Nxb6 Ke7 41. Nd5+ Ke6 42. Kc2 Kd7 43. Kb3 Ke6 44. Ka4 Kd7 45. Kb5 1-0

[Event "GER-ch U10"]
[Site "Willingen"]
[Date "2022.06.08"]
[Round "6"]
[White "Kateryniuk, Ivan"]
[Black "Allen, Phillipp"]
[Result "1-0"]
[WhiteElo "1187"]
[BlackElo "1467"]
[PlyCount "27"]
[EventDate "2022.06.04"]
[EventType "swiss"]
[EventRounds "11"]
[EventCountry "GER"]
[SourceTitle "CBM 208 Extra"]
[Source "ChessBase"]
[SourceDate "2022.07.31"]
[SourceVersion "1"]
[SourceVersionDate "2022.07.31"]
[SourceQuality "1"]

1. e4 c6 2. d4 d5 3. exd5 cxd5 4. Bd3 Nc6 5. c3 Nf6 6. Bf4 e6 7. Nf3 Bd6 8. Bg3 Qc7 9. Nbd2 Bd7 10. Qc2 Nb4 11. cxb4 Qxc2 12. Bxc2 Bxb4 13. 0-0 Rc8 14. Bd3 1-0

[Event "GER-ch U10"]
[Site "Willingen"]
[Date "2021.08.24"]
[Round "3"]
[White "Allen, Phillipp"]
[Black "Boehler, Yannic"]
[Result "0-1"]
[WhiteElo "1510"]
[BlackElo "1150"]
[PlyCount "74"]
[EventDate "2021.08.22"]
[EventType "swiss"]
[EventRounds "11"]
[EventCountry "GER"]
[SourceTitle "EXT 2022"]
[Source "ChessBase"]
[SourceDate "2021.10.06"]
[SourceVersion "1"]
[SourceVersionDate "2021.10.06"]
[SourceQuality "1"]

1. e4 c5 2. c4 Nc6 3. Nc3 e6 4. Nge2 Nf6 5. d3 d5 6. cxd5 exd5 7. exd5 Nxd5 8. d4 Bf5 9. g4 Bxg4 10. Bg2 Nb6 11. d5 Nd4 12. Qd3 Qe7 13. Be3 Nf5 14. h3 Nxe3 15. fxe3 Bd7 16. 0-0-0 g6 17. d6 Qe6 18. Bxb7 Rb8 19. Bg2 Nc4 20. Nd5 Qe5 21. Qc3 Qxc3+ 22. Nexc3 Rxb2 23. Bf1 Rb4 24. Nxb4 cxb4 25. Bxc4 bxc3 26. Rhf1 f5 27. Kc2 Bg7 28. Rb1 Bc6 29. Rb8+ Kd7 30. Rxh8 Bxh8 31. Kb3 Kxd6 32. Bg8 Bd5+ 33. Ka4 Bxg8 34. Ka5 Bxa2 35. Ka6 c2 36. Kxa7 Bb2 37. Kb6 c1Q 0-1

[Event "GER-ch U10"]
[Site "Willingen"]
[Date "2021.08.23"]
[Round "1"]
[White "Allen, Phillipp"]
[Black "Rau, Eduard"]
[Result "0-1"]
[WhiteElo "1510"]
[BlackElo "1276"]
[PlyCount "114"]
[EventDate "2021.08.22"]
[EventType "swiss"]
[EventRounds "11"]
[EventCountry "GER"]
[SourceTitle "EXT 2022"]
[Source "ChessBase"]
[SourceDate "2021.10.06"]
[SourceVersion "1"]
[SourceVersionDate "2021.10.06"]
[SourceQuality "1"]

1. e4 e5 2. Nf3 Nc6 3. Bb5 Nd4 4. Nxd4 exd4 5. 0-0 Bc5 6. Bc4 d6 7. d3 Ne7 8. Bg5 f6 9. Bh4 h5 10. f4 Bg4 11. Qe1 Kd7 12. f5 Re8 13. Be6+ Kc6 14. b4 Bb6 15. h3 Bxf5 16. Bxf5 d5 17. b5+ Kxb5 18. Na3+ Kc5 19. Rb1 a5 20. Rb5+ Kc6 21. Qb1 Nxf5 22. Rxd5 Nd6 23. Nc4 g5 24. Bg3 Bc5 25. Rff5 b6 26. a4 Qe7 27. Nxd6 cxd6 28. Qb5+ Kb7 29. e5 Rad8 30. exd6 Bxd6 31. Bxd6 Qe3+ 32. Kh2 h4 33. Rf3 Qe6 34. Rxd4 Rxd6 35. Re4 Qc8 36. Qxe8 Qc7 37. Re7 Rd7+ 38. Re5 fxe5 39. Rf8 Ka6 40. Qa8+ Qa7 41. Qxa7+ Kxa7 42. Rg8 Rd4 43. Rxg5 Rxa4 44. Rxe5 Ra2 45. Re1 Rxc2 46. Rd1 a4 47. d4 a3 48. d5 Kb7 49. d6 Kc8 50. d7+ Kd8 51. Kg1 b5 52. g4 hxg3 53. h4 b4 54. h5 b3 55. h6 a2 56. h7 Rh2 57. Rd2 a1Q+ 0-1

[Event "GER-ch U10"]
[Site "Willingen"]
[Date "2020.10.31"]
[Round "7"]
[White "Allen, Phillipp"]
[Black "Yin, Vito"]
[Result "1/2-1/2"]
[WhiteElo "1250"]
[BlackElo "1320"]
[PlyCount "87"]
[EventDate "2020.10.26"]
[EventType "swiss"]
[EventRounds "7"]
[EventCountry "GER"]
[SourceTitle "CBM 199 Extra"]
[Source "ChessBase"]
[SourceDate "2021.01.31"]
[SourceVersion "1"]
[SourceVersionDate "2021.01.31"]
[SourceQuality "1"]

1. e4 c5 2. Nf3 Nc6 3. d4 cxd4 4. Nxd4 g6 5. Bc4 Bg7 6. c3 Nf6 7. Nd2 0-0 8. 0-0 d5 9. exd5 Nxd5 10. N2f3 Nb6 11. Nxc6 bxc6 12. Qxd8 Rxd8 13. Bb3 Bg4 14. Be3 Bxf3 15. gxf3 Rd7 16. Rfd1 Rad8 17. Rxd7 Rxd7 18. Bxb6 axb6 19. Rd1 Rd6 20. Rxd6 exd6 21. Kf1 Kf8 22. Ke2 Ke7 23. Kd3 d5 24. a4 Kd6 25. Ba2 Be5 26. h3 f5 27. b4 c5 28. bxc5+ Kxc5 29. Bb3 d4 30. cxd4+ Bxd4 31. Bg8 g5 32. Bxh7 f4 33. Bf5 Bxf2 34. Ke4 Bh4 35. Bd7 Kc4 36. Ke5 Kd3 37. Kd5 Ke2 38. Bg4 Kd3 39. Kc6 Bf2 40. Kb5 Be3 41. a5 bxa5 42. Kxa5 Kc4 43. Ka6 Kd5 44. Kb5 1/2-1/2

[Event "GER-ch U10"]
[Site "Willingen"]
[Date "2020.10.30"]
[Round "6"]
[White "Uyar, Levin"]
[Black "Allen, Phillipp"]
[Result "1-0"]
[WhiteElo "1471"]
[BlackElo "1250"]
[PlyCount "91"]
[EventDate "2020.10.26"]
[EventType "swiss"]
[EventRounds "7"]
[EventCountry "GER"]
[SourceTitle "CBM 199 Extra"]
[Source "ChessBase"]
[SourceDate "2021.01.31"]
[SourceVersion "1"]
[SourceVersionDate "2021.01.31"]
[SourceQuality "1"]

1. e4 e5 2. Nf3 Nc6 3. Bc4 Bc5 4. c3 d6 5. d4 exd4 6. cxd4 Bb6 7. 0-0 Bg4 8. Be3 Nf6 9. Bb5 0-0 10. Bxc6 bxc6 11. Nbd2 Re8 12. Qc2 Bxf3 13. Nxf3 Rxe4 14. Qxc6 Qe8 15. Qc2 Ng4 16. Ng5 Nxe3 17. fxe3 d5 18. Nxe4 Qxe4 19. Qxe4 dxe4 20. Rf4 Re8 21. a4 a5 22. Rc1 g6 23. Rc6 f5 24. g4 Rf8 25. Re6 Kh8 26. Rf1 Kg8 27. Kg2 Kg7 28. Re5 f4 29. Rxe4 fxe3 30. Rxf8 Kxf8 31. Kf3 e2 32. Kxe2 Kf7 33. Kd3 g5 34. Re5 Kf6 35. Rf5+ Kg6 36. Kc4 h5 37. h3 hxg4 38. hxg4 Kh6 39. d5 Kg6 40. b4 Kh6 41. bxa5 Bxa5 42. Kb5 Bb6 43. Rf6+ Kg7 44. Rxb6 cxb6 45. Kxb6 Kf6 46. d6 1-0